000 01839nam a2200277 a 4500
001 BRCA_8735
005 20190320210402.0
008 220217s1787----sp-#######---#000-0#spa-#
041 _aspa
044 _asp
084 _aBE91
_b.M66 1787
100 1 _aMontargon, Jacinto
_d1705 - 1777
_921743
245 1 0 _aDiccionario apostólico
_ccompuesto el R.P. Fr. Jacinto Montargon, etc.; y traducido en español por Don Francisco Mariano Nipho.
260 _aMadrid
_bEn la Imprenta de Don Miguél Escribano
_c1787
300 _a573 p. (t.4)
_c20.2 x 15 cm.
500 _aCon privilegio y las licencias necesarias.
500 _aCon marca de fuego:“Procedencia de la marca: Colegio de la Santa Cruz de Querétaro(1)(2). Institución: Congregación de Propaganda Fide Descripción: Monograma ´SATO´ que se desata como San Antonio. Le sigue la abreviatura: ´Q´ de Querétaro. Corona el monograma y la inicial la palabra ´posto´ que podría hacer referencia a ´Apostólico´. Observaciones: Esta marca no se localiza en los catálogos impresos anteriores. La primera imagen de la marca de fuego corresponde al libro modelo ya que está más clara y definida. Sin embargo, el testimonio de pertenencia y la segunda imagen de la marca de fuego, pertenece al segundo ejemplar. Ubicación de la marca en el libro: Canto superior y frontal.”
500 _aEstado físico: presenta encuadernación en pergamino con cintas rotas
650 1 4 _aSermones
_yObras anteriores a 1800
_921369
650 1 4 _aÉtica cristiana
_xAutores católicos
_921744
700 1 _aNipho, Francisco Mariano
_d1719 - 1803
_etr.
_921745
700 1 _aEscribano, Miguel
_eImpresor
_921746
856 _ahttp://www.marcasdefuego.buap.mx:8180/xmLibris/projects/firebrand/item.jsp?repository=marcas_de_fuego&key=422f0a15.xml&num=17
902 _aCFM
942 _2lcc
_cB
999 _c8387
_d8387